<?xml version="1.0" encoding="UTF-8"?>
<record
    xmlns:xsi="http://www.w3.org/2001/XMLSchema-instance"
    xsi:schemaLocation="http://www.loc.gov/MARC21/slim http://www.loc.gov/standards/marcxml/schema/MARC21slim.xsd"
    xmlns="http://www.loc.gov/MARC21/slim">

  <leader>01542    a2200229   4500</leader>
  <controlfield tag="003">Nust</controlfield>
  <controlfield tag="005">20230919110432.0</controlfield>
  <datafield tag="010" ind1=" " ind2=" ">
    <subfield code="a">   92019212</subfield>
  </datafield>
  <datafield tag="020" ind1=" " ind2=" ">
    <subfield code="c">0750612029 :</subfield>
  </datafield>
  <datafield tag="040" ind1=" " ind2=" ">
    <subfield code="c">Nust</subfield>
  </datafield>
  <datafield tag="082" ind1="0" ind2="0">
    <subfield code="a">621.3,ELE</subfield>
  </datafield>
  <datafield tag="245" ind1="0" ind2="0">
    <subfield code="a">Electrical engineer's reference book /</subfield>
    <subfield code="c">edited by G.R. Jones, M.A. Laughton, M.G. Say</subfield>
  </datafield>
  <datafield tag="250" ind1=" " ind2=" ">
    <subfield code="a">13th ed.</subfield>
  </datafield>
  <datafield tag="260" ind1=" " ind2=" ">
    <subfield code="a">Oxford ;</subfield>
    <subfield code="a">Boston :</subfield>
    <subfield code="b">Butterworth-Heinemann,</subfield>
    <subfield code="c">1973.</subfield>
  </datafield>
  <datafield tag="300" ind1=" " ind2=" ">
    <subfield code="a">1 v. (various pagings) :</subfield>
    <subfield code="b">ill. ;</subfield>
    <subfield code="c">25 cm.</subfield>
  </datafield>
  <datafield tag="505" ind1=" " ind2=" ">
    <subfield code="a">Units and Physics Quantities (Various Pages), Electro technology  (Various Pages), Network Analysis  (Various Pages), Materials  (Various Pages), Electrical Metrology and Instrumentation  (Various Pages), Energy Conversion  (Various Pages), Alternating Current Generators  (Various Pages), Supply Networks  (Various Pages), Power Transformers  (Various Pages), Switchgear and Protection  (Various Pages), Planning and Economics  (Various Pages), Converting Plant  (Various Pages), Electromagnetic Machines and Devices  (Various Pages), Electro heating  (Various Pages), Electrochemistry  (Various Pages), Control  (Various Pages), Computers  (Various Pages), Installation  (Various Pages), Illumination  (Various Pages), Environmental Control  (Various Pages), Transportation  (Various Pages), Mining (Various Pages), Agriculture  (Various Pages), Miscellaneous  (Various Pages).</subfield>
  </datafield>
  <datafield tag="650" ind1=" " ind2="0">
    <subfield code="a">Electrical engineering.</subfield>
  </datafield>
  <datafield tag="700" ind1="1" ind2=" ">
    <subfield code="a">Jones, G. R.</subfield>
    <subfield code="d">1938-</subfield>
    <subfield code="9">101361</subfield>
  </datafield>
  <datafield tag="700" ind1="1" ind2=" ">
    <subfield code="a">Laughton, M. A.</subfield>
    <subfield code="9">47256</subfield>
  </datafield>
  <datafield tag="700" ind1="1" ind2=" ">
    <subfield code="a">Say, M. G.</subfield>
    <subfield code="d">1902-</subfield>
    <subfield code="9">101362</subfield>
  </datafield>
  <datafield tag="942" ind1=" " ind2=" ">
    <subfield code="2">ddc</subfield>
    <subfield code="c">BK</subfield>
  </datafield>
  <datafield tag="999" ind1=" " ind2=" ">
    <subfield code="c">180284</subfield>
    <subfield code="d">180284</subfield>
  </datafield>
  <datafield tag="952" ind1=" " ind2=" ">
    <subfield code="0">0</subfield>
    <subfield code="1">0</subfield>
    <subfield code="2">ddc</subfield>
    <subfield code="4">0</subfield>
    <subfield code="7">0</subfield>
    <subfield code="a">MCS</subfield>
    <subfield code="b">MCS</subfield>
    <subfield code="c">GEN</subfield>
    <subfield code="d">2016-12-12</subfield>
    <subfield code="o">621.3,ELE</subfield>
    <subfield code="p">MCS5407</subfield>
    <subfield code="r">2016-12-08</subfield>
    <subfield code="w">2016-12-12</subfield>
    <subfield code="y">BK</subfield>
    <subfield code="z">Almirah No.28, Shelf No.2</subfield>
  </datafield>
</record>
